00728nam a2200241 a 4500001001300000003000900013005001700022008004100039020001000080082001300090100002100103245006700124260004400191300000900235500003500244505003000279650001700309700002100326902000800347942000700355952011300362999001100475nice12345678IN_TiNIC20260116011251.0050524s1938 newa grp 000 0 eng  ac10000a301bHUD aHudson, Alfred E aKazak Social Structureb Yale University Pub. in Anthropology. aNew HavenbYale University Press c1938 a109p aincludes index and biblioraphy2 aDiference Paper and Notes aAnthropology1 aHudson, Alfred E bSRS cBK 001040708StackRoom-aHMIbHMId2007-07-31g100.00l0o301 HUDp02139r2007-07-31v100.00w2005-05-24yBK c20d20